01822cam a2200337 a 450000100090000000300120000900500170002100800410003801000170007902000180009604000170011404300120013105000230014308200240016610000290019024501100021925000410032926000500037030000270042050505040044760000290095165000250098065000280100565000260103365000330105985601480109290600450124094200120128599900170129795201700131417049022NUST - PNEC20170116181200.0111117s2012 nyu 000 0deng  a 2011047714 a9781451657944 aDLCcLIBRARY an-us---00aBP161.3b.J37 201200a305.6970973 JAS2231 aJasser, M. Zuhdi,d1967-12aA battle for the soul of Islam : an American Muslim patriot's fight to save his faith /cM. Zuhdi Jasser. a1st Threshold Editions hardcover ed. aNew York [N.Y.] :bThreshold Editions,c2012. aviii, 294 p. ;c25 cm.0 aMuslim in America. American patriots from Syria -- Two Islams -- A Muslim in the U.S. Navy -- Islam in my life -- America and Islam after 9/11. Changing the paradigm -- Arab responses to 9/11 -- American responses to Fort Hood -- The threat of homegrown Islamic radicalism -- Engaging Congressman Ellison and the Islamists -- Islam and Islamism today. Defeating political Islam -- How the Qur'an is misinterpreted -- An Islam compatible with American principles -- Epilogue: a letter to my children.10aJasser, M. Zuhdi,d1967- 0aIslamy21st century. 0aIslamic fundamentalism. 0aIslamzUnited States. 0aSyrian AmericansvBiography. uhttp://www.amazon.com/Battle-Soul-Islam-American-Patriots/dp/1451657943/ref=sr_1_1?s=books&ie=UTF8&qid=1454930378&sr=1-1&keywords=9781451657944 a7bcbccorignewd1eecipf20gy-gencatlg 2ddccBK c71410d71410 00102ddc3Hardbound4070aPNECbPNECcWING-Ad2015-12-07eCapital Book Company / Ref Grantg2567.24l0o305.6970973 JASpPNECLIB-032508r2016-02-08w2015-12-07yBK